Harry Potter Fanfiction Characters Top 20 Quiz Stats

 Plays Quiz not verified by Sporcle

Challenge
Share
Tweet
Embed
Score 0/20 Timer 05:00
0 Plays Today
# of times main character Character % Correct
165357Harry Potter
99.7%
130805Hermione Granger
99.3%
34105Ron Weasley
99.1%
128614Draco Malfoy
93.2%
46341Ginny Weasley
91.7%
57425Severus Snape
90.7%
8201Albus Dumbledore
86.9%
35131Remus Lupin
86.8%
41187Sirius Black
86.3%
18506Voldemort
84.3%
# of times main character Character % Correct
38066James Potter
84.2%
7789Fred Weasley
82.6%
9712George Weasley
81.7%
39439Lily Evans Potter
81.5%
8841Luna Lovegood
79.8%
6789Bellatrix Lestrange
56.8%
7922Nymphadora Tonks
55.5%
7608Lucius Malfoy
53.5%
9412Scorpius Malfoy
19%
6523Rose Weasley
16.9%

You're not logged in!

Compare scores with friends on all Sporcle quizzes.
Join for Free
OR
Log In

You Might Also Like...

Show Comments

Extras

Top Quizzes Today


Score Distribution

Your Account Isn't Verified!

In order to create a playlist on Sporcle, you need to verify the email address you used during registration. Go to your Sporcle Settings to finish the process.

Report this User

Report this user for behavior that violates our Community Guidelines.

Details: